Alenka v říši divů = Alice im Wunderland /
Klasická pohádková knížka vypráví o dobrodružstvích malého děvčátka ve fantastické zemi. Dvojjazyčné vydání pro začátečníky v němčině.
Uloženo v:
| Hlavní autor: | |
|---|---|
| Další autoři: | , , |
| Médium: | E-kniha |
| Jazyk: | Czech German |
| Vydáno: |
Brno :
Edika,
2020
|
| Vydání: | 1. vydání |
| Edice: | Dvojjazyčná kniha pro začátečníky
|
| Témata: | |
| On-line přístup: | https://www.albatrosmedia.cz/tituly/56207752/alenka-v-risi-divu-a1-a2-nj-cj/ |
| Tagy: |
Žádné tagy |
| LEADER | 03032cam a2200673 i 4500 | ||
|---|---|---|---|
| 001 | 311160 | ||
| 003 | CZ PrSKC | ||
| 005 | 20260601215700.0 | ||
| 007 | ta | ||
| 008 | 200427s2020 xr a g p 000 j cze d | ||
| 015 | |a cnb003217547 | ||
| 020 | |a 9788026615286 |q (brožováno) |z 9978-80-266-1528-6 : |c Kč 199,00 | ||
| 035 | |a (OCoLC)1200258069 | ||
| 040 | |a HOG001 |b cze |d BOA001 |d ABA001 |e rda | ||
| 041 | 1 | |a cze |a ger |h eng | |
| 072 | 7 | |a 811.112.2 |x Němčina |2 Konspekt | |
| 072 | 7 | |a 821.111-3 |x Anglická próza, anglicky psaná |2 Konspekt | |
| 080 | |a 821.111-32 |2 MRF | ||
| 080 | |a 811.112.2 |2 MRF | ||
| 080 | |a 028.4-028.31/.32 |2 MRF | ||
| 080 | |a (0:82-32) |2 MRF | ||
| 080 | |a (0.027)=030 |2 MRF | ||
| 080 | |a (07.062)81 |2 MRF | ||
| 100 | 1 | |a Navrátilová, Jana |7 jn20001103670 |4 aut |4 trl | |
| 245 | 1 | 0 | |a Alenka v říši divů = |b Alice im Wunderland / |c úprava původního textu a český překlad: Jana Navrátilová ; ilustrace: Aleš Čuma |
| 246 | 3 | 1 | |a Alice im Wunderland |
| 250 | |a 1. vydání | ||
| 264 | 1 | |a Brno : |b Edika, |c 2020 | |
| 300 | |a 88 stran : |b ilustrace ; |c 21 cm | ||
| 336 | |a text |b txt |2 rdacontent | ||
| 337 | |a bez média |b n |2 rdamedia | ||
| 338 | |a svazek |b nc |2 rdacarrier | ||
| 490 | 1 | |a Dvojjazyčná kniha pro začátečníky | |
| 520 | 2 | |a Klasická pohádková knížka vypráví o dobrodružstvích malého děvčátka ve fantastické zemi. Dvojjazyčné vydání pro začátečníky v němčině. | |
| 521 | 0 | |a Určeno pro jazykovou úroveň: A1/A2 | |
| 546 | |a Souběžný německý text | ||
| 650 | 0 | 7 | |a němčina |7 ph115512 |2 czenas |
| 650 | 0 | 7 | |a zjednodušená četba |7 ph656682 |2 czenas |
| 650 | 0 | 9 | |a German language |2 eczenas |
| 650 | 0 | 9 | |a simplified reading |2 eczenas |
| 653 | 0 | |a jazyková úroveň A1 |a jazyková úroveň A2 | |
| 655 | 7 | |a anglické příběhy |7 fd131813 |2 czenas | |
| 655 | 7 | |a dvojjazyčná vydání |7 fd194533 |2 czenas | |
| 655 | 7 | |a jazykové učebnice, texty, příručky (A) |7 fd600889 |2 czenas | |
| 655 | 9 | |a English stories |2 eczenas | |
| 655 | 9 | |a bilingual editions |2 eczenas | |
| 655 | 9 | |a language textbooks, texts, handbooks (A) |2 eczenas | |
| 700 | 1 | |i Adaptace díla: |a Carroll, Lewis, |d 1832-1898. |t Alice's adventures in Wonderland |7 aun2016903102 | |
| 700 | 1 | |a Čuma, Aleš, |d 1967- |7 jn19981002679 |4 ill | |
| 700 | 1 | 2 | |a Navrátilová, Jana. |t Alenka v říši divů |
| 700 | 1 | 2 | |a Navrátilová, Jana. |t Alenka v říši divů. |l Německy |
| 830 | 0 | |a Dvojjazyčná kniha pro začátečníky | |
| 856 | 4 | 2 | |u https://www.albatrosmedia.cz/tituly/56207752/alenka-v-risi-divu-a1-a2-nj-cj/ |4 N |
| 900 | |a ABA001 |b 20 | ||
| 928 | 9 | |a Albatros Media - Edika | |
| 044 | |a xr | ||
| 910 | |a RBIT002 | ||
| 998 | |d 205572 |a https://core.palmknihy.cz/api/books/205572/cover?q849mi |b https://core.palmknihy.cz/api/books/205572/cover/400?q849mi |c https://core.palmknihy.cz/api/books/205572/cover/50?q849mi |e 2029-12-31 |g 88 |i 9788026615286 |k https://core.palmknihy.cz/api/books/205572/preview.pdf |l |q 49 |r 1 |s https://www.palmknihy.cz/kniha/205572 |t ebook |y 2020 |z 0 | ||
| 999 | |d 311158 | ||